Základní mluvnice němčiny /

Enregistré dans:
Détails bibliographiques
Auteur principal: Beneš, Eduard (Auteur)
Format: Livre
Langue:tchèque
Publié: Praha : Státní pedagogické nakladatelství, 1965
Sujets:
Tags: Ajouter un tag
Pas de tags, Soyez le premier à ajouter un tag!

MARC

LEADER 00000nam a22000003a 4500
001 stu536
005 20200821125428.6
008 910606s1965----cs------------------cze-d
040 |a STU  |b slo 
041 0 |a cze 
044 |a cs 
080 |a 803.0-5 
080 |a 811.112.2 
100 1 |a Beneš, Eduard  |4 aut 
245 1 |a Základní mluvnice němčiny /  |c Aut.: Beneš,E. a kol 
260 |a Praha :  |b Státní pedagogické nakladatelství,  |c 1965 
300 |a 180 s 
650 7 |a nemčina  |2 stusub 
996 |b 284J021501  |c J*7530  |l JJSK  |s A  |a 24  |w stu536_0001